000 00426nam a2200169Ia 4500
005 20241217025109.0
008 240331s9999 xx 000 0 und d
020 _a1856496465
082 _bYUV
_25454
_a305
245 0 _aWomen, Citizenship and Difference
260 _aNew York
_bZed Books Ltd
_c1999
300 _axii, 271 p.,
650 _aWomen
700 _aYuval-Davis, N
_eedt
700 _aWerbner, P
_eedt
942 _cL
999 _c1499
_d1499